[Event "Moscow Smyslov-D"]
[Site "Moscow"]
[Date "2025.06.09"]
[Round "8"]
[White "Govorun, Nikolay"]
[Black "Sargisian, Daniil"]
[Result "1-0"]
[WhiteElo "1496"]
[BlackElo "1465"]
[PlyCount "111"]
[EventDate "2025.06.02"]
[EventType "swiss"]
[EventRounds "8"]
[EventCountry "RUS"]
[SourceTitle "CB29_2025"]
[SourceDate "2025.07.16"]
[SourceVersion "1"]
[SourceVersionDate "2025.07.16"]
[SourceQuality "1"]

1. e4 c5 2. Nf3 d6 3. d4 cxd4 4. Nxd4 Nf6 5. Nc3 a6 6. f3 e6 7. Be3 Be7 8. Qd2 h5 9. a4 b6 10. Be2 Bb7 11. Bc4 Nbd7 12. Bxe6 0-0 13. Ba2 Ne5 14. 0-0 Re8 15. Rad1 d5 16. exd5 Bb4 17. Nf5 Nxd5 18. Bxd5 Bxd5 19. Qxd5 Bxc3 20. Qxd8 Raxd8 21. Rxd8 Rxd8 22. bxc3 Nc4 23. Bd4 g6 24. Ng3 a5 25. Re1 Kf8 26. Kf2 Re8 27. Rxe8+ Kxe8 28. Ne4 Kd7 29. Ke2 Nb2 30. Bxb6 Nxa4 31. Bxa5 Nb2 32. Bb4 Kc6 33. h3 Kd5 34. Ke3 Nc4+ 35. Kf4 Ke6 36. g4 hxg4 37. fxg4 f6 38. h4 Ne5 39. Nc5+ Kd5 40. Nd3 Nc4 41. h5 gxh5 42. gxh5 Ke6 43. Ke4 Kf7 44. Kd4 Nb6 45. Kc5 Nd7+ 46. Kc6 Nb8+ 47. Kc7 Na6+ 48. Kb6 Nb8 49. Nc5 f5 50. Kb7 f4 51. Kxb8 f3 52. Ne4 f2 53. Nxf2 Kg7 54. c4 Kh6 55. c5 Kxh5 56. c6 1-0

[Event "Moscow Smyslov-D"]
[Site "Moscow"]
[Date "2025.06.03"]
[Round "2"]
[White "Sargisian, Daniil"]
[Black "Makeeva, Margarita"]
[Result "1-0"]
[WhiteElo "1465"]
[BlackElo "1524"]
[PlyCount "74"]
[EventDate "2025.06.02"]
[EventType "swiss"]
[EventRounds "8"]
[EventCountry "RUS"]
[SourceTitle "CB29_2025"]
[SourceDate "2025.07.16"]
[SourceVersion "1"]
[SourceVersionDate "2025.07.16"]
[SourceQuality "1"]

1. e4 e6 2. d4 d5 3. Nc3 Nf6 4. e5 Nfd7 5. f4 c5 6. Nf3 Nc6 7. Be3 Be7 8. Be2 0-0 9. Qd2 b6 10. 0-0 f5 11. Nd1 cxd4 12. Nxd4 Bb7 13. Nxe6 Qb8 14. Nxf8 Qxf8 15. Qxd5+ Kh8 16. Qxd7 Rb8 17. Bd3 g6 18. Qe6 Nb4 19. Nf2 Bd5 20. Qd7 Bc6 21. Qd4 Bc5 22. Qc3 Bxe3 23. e6+ Kg8 24. Bc4 Bxf2+ 25. Rxf2 Bd5 26. Bxd5 Nxd5 27. Qe5 Rd8 28. Rd1 Ne7 29. Rxd8 Qxd8 30. Qf6 Qe8 31. Rd2 Qf8 32. Qxf8+ Kxf8 33. Rd8+ Kg7 34. Rd7 Kf6 35. Rxa7 Kxe6 36. Rb7 Nd5 37. g3 Nb4 1-0